| 000 | 00387cam a2200157 a 4500 | ||
|---|---|---|---|
| 020 | _a2717812202 : | ||
| 040 | _cDLC | ||
| 082 | _a338 ECO 1987 A012 Or. | ||
| 100 | 1 | _aBoussard, Jean-Marc. | |
| 245 | 1 | 0 | _aEconomie de l'agriculture / |
| 260 |
_aParis : _bEconomica, _cc1987. |
||
| 300 |
_a310 p. : _bill. ; _c24 cm. |
||
| 500 | _aIncludes index. | ||
| 650 | 0 | _aAgriculture | |
| 942 | _cEK | ||
| 999 |
_c14022 _d14022 |
||